Tribhuvan University Central Library

Prachin Kirat itihas (Record no. 105233)

MARC details
000 -LEADER
fixed length control field 00354nam a22001337a 4500
008 - FIXED-LENGTH DATA ELEMENTS--GENERAL INFORMATION
fixed length control field 220720b |||||||| |||| 00| 0 eng d
082 ## - DEWEY DECIMAL CLASSIFICATION NUMBER
Classification number N954.26/Sr948p
100 ## - MAIN ENTRY--PERSONAL NAME
Personal name Swami Prapanacharya
245 ## - TITLE STATEMENT
Title Prachin Kirat itihas
260 ## - PUBLICATION, DISTRIBUTION, ETC.
Place of publication, distribution, etc. Panchthar:
Name of publisher, distributor, etc. Kirateshwor Prakasan,
Date of publication, distribution, etc. 2051.BS.
650 ## - SUBJECT ADDED ENTRY--TOPICAL TERM
Topical term or geographic name entry element History- Kirat
653 ## - INDEX TERM--UNCONTROLLED
Uncontrolled term Kirats
942 ## - ADDED ENTRY ELEMENTS (KOHA)
Source of classification or shelving scheme Dewey Decimal Classification
Koha item type General NC
Holdings
Withdrawn status Lost status Source of classification or shelving scheme Damaged status Not for loan Home library Current library Date acquired Total Checkouts Total Renewals Full call number Barcode Date last seen Date last checked out Price effective from Koha item type
    Dewey Decimal Classification     Tribhuvan University Central Library Tribhuvan University Central Library 07/20/2022 7 4 N954.26/Sr948p 123264 08/08/2025 07/18/2025 07/20/2022 General NC